[Event "Challenge"]
[Site "http://www.queenalice.com/game.php?id=827079"]
[Date "2010.9.2"]
[Round "-"]
[White "serrato987"]
[Black "Nenita"]
[Result "1-0"]
[WhiteElo "1940"]
[BlackElo "1067"]

1. e4 e5 2. Nf3 Nc6 3. d4 exd4 4. Nxd4 Nxd4 5. Qxd4 Bd6 6. Qxg7 Qf6 7. Qxf6 Nxf6
8. Bd3 Bb4+ 9. Bd2 Bc5 10. Bc3 Ng4 11. Bxh8 d6 12. O-O Be6 13. h3 Ne5 14. Bf6
Ng6 15. Nc3 c6 16. Rad1 Bb6 17. Be2 Nh4 18. Bxh4 Kd7 19. Rd2 Rg8 20. Kh1 Kc7 21.
Bg3 Kd7 22. Bxd6 Bxh3 23. gxh3 Bd8 24. Bg4+ Ke8 25. Bc5 Bc7 26. Rfd1 Rh8 27.
Rd8+ Bxd8 28. Bd7# 1-0

[Event "Challenge"]
[Site "http://www.queenalice.com/game.php?id=827128"]
[Date "2010.9.3"]
[Round "-"]
[White "Nenita"]
[Black "Panzer85"]
[Result "0-1"]
[WhiteElo "1047"]
[BlackElo "1573"]

1. e4 e5 2. Bc4 Nf6 3. Nc3 b6 4. Nf3 d6 5. d3 Bg4 6. Nd5 Nxd5 7. Bxd5 c6 8. Bb3
c5 9. O-O Be7 10. Qe1 Bxf3 11. gxf3 Nc6 12. c3 Bg5 13. Kh1 Bxc1 14. Rxc1 h5 15.
Rg1 g5 16. Bd1 h4 17. c4 Nd4 18. Rxg5 Qxg5 19. Ba4+ Kf8 20. Bd7 h3 21. b4 Qg2#
0-1

[Event "Challenge"]
[Site "http://www.queenalice.com/game.php?id=827129"]
[Date "2010.9.3"]
[Round "-"]
[White "charles31"]
[Black "Nenita"]
[Result "1-0"]
[WhiteElo "1673"]
[BlackElo "1051"]

1. e4 e5 2. Nf3 Nc6 3. a3 Bc5 4. Nc3 g5 5. Bc4 g4 6. Ng1 d6 7. d3 Qf6 8. Qe2 Na5
9. Ba2 h5 10. Nd5 Qd8 11. Be3 Bxe3 12. Qxe3 c6 13. Nc3 Nf6 14. f3 Qb6 15. Qxb6
axb6 16. b4 O-O 17. bxa5 Rxa5 18. Nce2 Rxa3 19. Bxf7+ Rxf7 20. Rxa3 gxf3 21.
gxf3 h4 22. c3 b5 23. Nc1 c5 24. Nge2 Rg7 25. d4 cxd4 26. cxd4 b4 27. Ra8 Kf7
28. Rxc8 Rg2 29. dxe5 dxe5 30. Rc7+ Kf8 31. Rxb7 Nh5 32. Rxb4 1-0

[Event "Challenge"]
[Site "http://www.queenalice.com/game.php?id=827130"]
[Date "2010.9.3"]
[Round "-"]
[White "ajr"]
[Black "Nenita"]
[Result "1-0"]
[WhiteElo "1561"]
[BlackElo "1071"]

1. c4 e5 2. Nc3 Bc5 3. Nf3 Nc6 4. a3 d6 5. e3 Nf6 6. d4 exd4 7. exd4 Bb6 8. d5
Na5 9. Bg5 Qd7 10. Bxf6 gxf6 11. b4 Nb3 12. Qxb3 a5 13. b5 Qe7+ 14. Kd2 O-O 15.
Re1 Qd7 16. Ne4 Qe7 17. Qd3 a4 18. Neg5 fxg5 19. Rxe7 Ba5+ 20. Kc2 g4 21. Ng5 f5
22. g3 Bb6 23. f3 Ba5 24. fxg4 fxg4 25. Qxh7# 1-0

[Event "Challenge"]
[Site "http://www.queenalice.com/game.php?id=827131"]
[Date "2010.9.3"]
[Round "-"]
[White "Givanildo"]
[Black "Nenita"]
[Result "0-1"]
[WhiteElo "1622"]
[BlackElo "1041"]

1. e4 e5 2. Bc4 Bc5 3. d3 Qf6 4. Nf3 d6 5. Bg5 Qg6 6. c3 h6 7. Be3 Qxg2 8. Rg1
Qh3 9. Bxc5 Bg4 10. Nbd2 dxc5 11. Rg3 Qh5 12. Bxf7+ Kxf7 13. Nxe5+ Ke8 14. Rxg4
Qxh2 15. Rxg7 Qh1+ 16. Nf1 Ne7 17. Qf3 Qxf3 18. Nxf3 Nbc6 19. O-O-O Rf8 20. N1d2
Kd7 21. Nc4 Rxf3 22. e5 Nd8 23. d4 Ne6 24. dxc5+ Ke8 25. Rh7 Rxf2 26. Rh8+ Nf8
27. e6 a5 28. Ne5 Nc6 29. Ng6 Ne7 30. Nxe7 Kxe7 31. Rxh6 a4 32. a3 Re2 33. c6
bxc6 34. Rf1 Rb8 35. Rf7+ Kd6 36. e7+ Ne6 37. Rhh7 Rbxb2 38. e8=N+ Kc5 39. Rh5+
Kb6 40. Rd7 Ra2 41. Kd1 Nf4 42. Rh4 Ra1# 0-1

[Event "Challenge"]
[Site "http://www.queenalice.com/game.php?id=827132"]
[Date "2010.9.3"]
[Round "-"]
[White "Nenita"]
[Black "Givanildo"]
[Result "0-1"]
[WhiteElo "1051"]
[BlackElo "1567"]

1. e4 e5 2. Bc4 Bc5 3. Qf3 Nf6 4. d3 d6 5. Bg5 Bg4 6. Qg3 h6 7. Bxf6 Qxf6 8.
Qxg4 Qxf2+ 9. Kd1 Qf1+ 10. Kd2 Qf2+ 11. Kc3 Bd4+ 12. Kb3 Nc6 13. Nh3 Na5+ 14.
Ka3 Bc5+ 15. b4 Nxc4+ 16. dxc4 Qe3+ 17. Nc3 Qxc3+ 18. Ka4 Qxb4# 0-1

[Event "Challenge"]
[Site "http://www.queenalice.com/game.php?id=827143"]
[Date "2010.9.3"]
[Round "-"]
[White "Nenita"]
[Black "digger"]
[Result "0-1"]
[WhiteElo "1061"]
[BlackElo "1553"]

1. e4 e5 2. Bc4 Qf6 3. Qe2 Bc5 4. f3 Qh4+ 5. g3 Qf6 6. d3 Ne7 7. Be3 b6 8. Nc3
c6 9. Na4 Bxe3 10. Qxe3 b5 11. Bxb5 cxb5 12. Nc5 Nbc6 13. c3 d6 14. Nb3 Bb7 15.
Nh3 O-O 16. Ng5 h6 17. Nh3 Rad8 18. g4 Qh4+ 19. Nf2 Ng6 20. O-O-O Qg5 21. Qxg5
hxg5 22. h4 gxh4 23. Nh3 f6 24. Nd2 Rc8 25. Rhf1 Ba6 26. b4 Nce7 27. Rh1 Rxc3+
28. Kb2 Rxd3 29. Nf2 Rd4 30. a3 Rc8 31. g5 f5 32. exf5 Nxf5 33. Rhe1 Nf4 34. Rg1
Ne3 35. Rc1 Rxd2+ 36. Kb1 Rxf2 37. g6 Ne2 38. Rce1 Nc3+ 39. Kc1 Ne2+ 40. Kb1
Nc3+ 41. Kc1 Rc2# 0-1

[Event "Challenge"]
[Site "http://www.queenalice.com/game.php?id=827144"]
[Date "2010.9.3"]
[Round "-"]
[White "digger"]
[Black "Nenita"]
[Result "1-0"]
[WhiteElo "1618"]
[BlackElo "1063"]

1. e4 e5 2. d4 Bd6 3. Bc4 Nf6 4. dxe5 Bxe5 5. c3 Nxe4 6. Qe2 d5 7. Bb5+ Bd7 8.
Bd3 Nc6 9. c4 Nc5 10. cxd5 Nd4 11. Qxe5+ Qe7 12. Qxe7+ Kxe7 13. Be3 Nxd3+ 14.
Kd2 Nb3+ 15. axb3 Bb5 16. Nc3 Rad8 17. Nxb5 Rxd5 18. Ra5 Nxf2+ 19. Ke2 Nxh1 20.
Nf3 Rc5 21. Bxc5+ Kd8 22. Bxa7 b6 23. Ra1 Re8+ 24. Kf1 h5 25. Kg1 Re2 26. Kxh1
Rxb2 27. Nfd4 h4 28. Nc6+ Ke8 29. Ncd4 Kf8 30. Nxc7 Rd2 31. Bxb6 Kg8 32. Nf3 Rf2
33. Ng5 f6 34. Ra8# 1-0

[Event "Challenge"]
[Site "http://www.queenalice.com/game.php?id=827174"]
[Date "2010.9.3"]
[Round "-"]
[White "Nenita"]
[Black "Matrim"]
[Result "0-1"]
[WhiteElo "1076"]
[BlackElo "1926"]

1. e4 c5 2. d3 Nc6 3. Nf3 g6 4. Nc3 Bg7 5. Nb5 Qa5+ 6. Nc3 b5 7. a3 b4 8. Nd5
Nf6 9. Bd2 Nxd5 10. exd5 Nd4 11. Be2 Nxe2 12. Qxe2 Bxb2 13. Rb1 Qxa3 14. d6 e6
15. Ne5 O-O 16. Nc4 Qa6 17. Qe5 Bxe5 18. Nxe5 Bb7 19. O-O Qa2 20. Bh6 Rfc8 21.
Rbe1 Qxc2 22. Rc1 Qe2 23. Nxd7 Qxd3 24. Rcd1 Qe4 25. Nf6+ Kh8 26. Nxe4 Bxe4 27.
d7 Rd8 28. Rfe1 Bd5 29. Re3 Rxd7 30. Rh3 c4 31. Rd4 b3 32. Rdh4 b2 33. Bg5 b1=Q+
0-1

[Event "Challenge"]
[Site "http://www.queenalice.com/game.php?id=827216"]
[Date "2010.9.3"]
[Round "-"]
[White "tariann"]
[Black "Nenita"]
[Result "1-0"]
[WhiteElo "2005"]
[BlackElo "1095"]

1. e4 e5 2. Nf3 Nc6 3. Bb5 d6 4. O-O Qf6 5. h3 Bd7 6. c3 Nce7 7. Bxd7+ Kxd7 8.
d4 exd4 9. cxd4 Ng6 10. Nc3 Nh4 11. Nxh4 Qxh4 12. Qb3 b6 13. Qxf7+ Be7 14. Qxg7
Nf6 15. Bg5 Rhg8 16. Qxe7+ Kxe7 17. Bxh4 Rg6 18. Bxf6+ Kxf6 19. Nd5+ Kf7 20.
Nxc7 Rc8 21. Rac1 Rcg8 22. g3 h5 23. Nd5 h4 24. Rc7+ Ke8 25. Rc8+ Kf7 26. Rxg8
Rxg8 27. g4 b5 28. Rc1 a5 29. Rc7+ Ke6 30. Re7# 1-0

[Event "Challenge"]
[Site "http://www.queenalice.com/game.php?id=827218"]
[Date "2010.9.3"]
[Round "-"]
[White "Nenita"]
[Black "gerritgenial"]
[Result "1-0"]
[WhiteElo "1093"]
[BlackElo "1167"]

1. e4 e5 2. Nf3 d6 3. Bc4 Be6 4. Bxe6 fxe6 5. d3 Nc6 6. Nc3 Be7 7. O-O Nf6 8. h3
Nb4 9. a3 b6 10. axb4 a5 11. b5 Nh5 12. Nh4 Bxh4 13. Qxh5+ Ke7 14. Qxh4+ Kd7 15.
Bg5 Qe8 16. Qg4 h6 17. Be3 Rf8 18. Qxg7+ Kc8 19. Bxh6 Kb7 20. Qg3 Qf7 21. f3 Qf6
22. Bxf8 Qxf8 23. Qf2 d5 24. exd5 exd5 25. Nxd5 c6 26. Qxb6+ Kc8 27. Qc7# 1-0

[Event "Challenge"]
[Site "http://www.queenalice.com/game.php?id=827219"]
[Date "2010.9.3"]
[Round "-"]
[White "gerritgenial"]
[Black "Nenita"]
[Result "0-1"]
[WhiteElo "1188"]
[BlackElo "1074"]

1. e4 e5 2. Nf3 Nc6 3. d3 Bc5 4. Be3 Bxe3 5. fxe3 Nf6 6. Be2 Qe7 7. Nc3 a6 8. d4
exd4 9. exd4 Ng4 10. h3 Ne3 11. Qd3 Nxg2+ 12. Kf2 Nf4 13. Qe3 Ng6 14. Nd5 Qd8
15. Qg5 Qxg5 16. Nxg5 Nxd4 17. Bb5 c6 18. Nc3 cxb5 19. a4 b4 20. Nd5 O-O 21. Ke3
Nxc2+ 22. Kd2 Nxa1 23. Rxa1 d6 24. Ne7+ Nxe7 25. h4 h6 0-1

[Event "Challenge"]
[Site "http://www.queenalice.com/game.php?id=827222"]
[Date "2010.9.3"]
[Round "-"]
[White "Acuario_72"]
[Black "Nenita"]
[Result "1-0"]
[WhiteElo "1470"]
[BlackElo "1119"]

1. g3 d5 2. Bg2 Nf6 3. Nf3 e6 4. Ne5 Bd6 5. Nd3 Ng4 6. e3 Nf6 7. b3 Nc6 8. Bb2
Nb4 9. a3 Nc6 10. f4 Ne4 11. Bxg7 Rg8 12. Bh6 Qf6 13. Nc3 Nxc3 14. Qh5 Bd7 15.
O-O 1-0

[Event "Challenge"]
[Site "http://www.queenalice.com/game.php?id=827806"]
[Date "2010.9.4"]
[Round "-"]
[White "tewald"]
[Black "Nenita"]
[Result "1-0"]
[WhiteElo "1882"]
[BlackElo "1049"]

1. e4 e5 2. Nf3 Nc6 3. g3 Nf6 4. d3 d6 5. Bg2 Bg4 6. Nbd2 Nb4 7. h3 Bh5 8. g4
Bg6 9. a3 Na6 10. Nh4 Nd7 11. Nxg6 hxg6 12. Nf3 Ndc5 13. c4 Qe7 14. b4 Nd7 15.
b5 Nac5 16. a4 f6 17. Bb2 a5 18. O-O b6 19. Ra3 g5 20. Re1 g6 21. d4 exd4 22.
Nxd4 f5 23. exf5 Ne5 24. Bxa8 Qd8 25. Bc6+ Ke7 26. Nf3 Kf7 27. Nxe5+ dxe5 28.
Qxd8 Bg7 29. Bd5+ 1-0

[Event "Challenge"]
[Site "http://www.queenalice.com/game.php?id=830158"]
[Date "2010.9.9"]
[Round "-"]
[White "Nenita"]
[Black "SGrillo"]
[Result "0-1"]
[WhiteElo "1112"]
[BlackElo "1660"]

1. e4 e5 2. Bc4 h6 3. Qf3 Qf6 4. Qe3 d6 5. Nc3 c6 6. Na4 Ne7 7. d3 Be6 8. Bxe6
Qxe6 9. Nf3 Ng6 10. d4 exd4 11. Nxd4 Qe7 12. O-O Nd7 13. Re1 Nde5 14. Nf5 Qf6
15. Bd2 Ne7 16. Bb4 Nxf5 17. exf5 Be7 18. Red1 O-O 19. Bd2 Nc4 20. Qg3 Nxd2 21.
Rxd2 Qxf5 22. Re1 Rfe8 23. Nc3 Rad8 24. Re4 Qg5 25. Qxg5 Bxg5 26. Rde2 Kf8 27.
h4 Bf6 28. Nd1 Rxe4 29. Rxe4 Re8 30. Rxe8+ Kxe8 31. g3 Kd7 32. Ne3 Bxb2 33. a4
d5 34. Nf5 Ke6 35. Nxg7+ Bxg7 36. Kh2 Ke5 37. g4 f5 38. g5 hxg5 39. hxg5 Kf4 40.
g6 Kg5 41. Kg3 Kxg6 42. f4 Bh6 43. c3 Kf6 44. Kh4 Bxf4 45. Kh3 Ke5 46. Kg2 Ke4
47. Kf2 Bd2 0-1

[Event "Challenge"]
[Site "http://www.queenalice.com/game.php?id=830160"]
[Date "2010.9.9"]
[Round "-"]
[White "SGrillo"]
[Black "Nenita"]
[Result "1-0"]
[WhiteElo "1662"]
[BlackElo "1110"]

1. e4 e5 2. Nf3 Qf6 3. d3 Bc5 4. Be2 d6 5. h3 Na6 6. a3 Qg6 7. g3 Qh5 8. Ng1 Qg6
9. Bh5 Qe6 10. Bg4 Qf6 11. Qf3 Qxf3 12. Bxf3 Nf6 13. Bg5 Be6 14. Bxf6 gxf6 15.
Nd2 Be3 16. fxe3 O-O-O 17. O-O-O Ba2 18. Ne2 Nc5 19. Nc3 Be6 20. d4 exd4 21.
exd4 Na6 22. d5 Bd7 23. Be2 Nc5 24. b4 Na6 25. Bxa6 bxa6 26. Rdf1 a5 27. Rxf6
Rhg8 28. g4 axb4 29. axb4 a5 30. bxa5 Kb7 31. Rxf7 Be8 32. Rxh7 Ra8 33. Nb5 Bxb5
34. Rf7 Rxa5 35. Rh2 Ra1+ 36. Kb2 Rga8 37. Nb3 R8a2+ 38. Kc3 Ra3 39. Kb4 Ra4+
40. Kc3 Rc4+ 41. Kb2 Ra6 42. Re7 Ba4 43. Rh1 Rb6 44. e5 Bxb3 45. cxb3 Rcb4 46.
exd6 Rxb3+ 47. Kc2 Rb2+ 48. Kd3 R6b3+ 49. Ke4 Re2+ 50. Kf5 Rf2+ 51. Kg5 Kc8 52.
Rxc7+ Kd8 53. Ra1 Rb8 54. Raa7 Rf8 55. Kg6 Rg8+ 56. Kf7 Rh8 57. Rd7+ Kc8 58.
Rac7# 1-0

[Event "Challenge"]
[Site "http://www.queenalice.com/game.php?id=831156"]
[Date "2010.9.10"]
[Round "-"]
[White "Givanildo"]
[Black "Nenita"]
[Result "1-0"]
[WhiteElo "1590"]
[BlackElo "1078"]

1. e4 e5 2. Bc4 Nc6 3. c3 Qe7 4. d3 Qf6 5. h4 Bc5 6. Be3 Bd6 7. a3 Na5 8. Bd5
Ne7 9. Bg5 Qg6 10. Nf3 h6 11. Bxe7 Bxe7 12. Nxe5 Qxg2 13. Bxf7+ Kd8 14. Rf1 Bxh4
15. Nd2 d6 16. Ng6 Rh7 17. Nxh4 Qh2 18. Ndf3 Qh3 19. Qa4 b6 20. Qe8# 1-0

[Event "Challenge"]
[Site "http://www.queenalice.com/game.php?id=831201"]
[Date "2010.9.11"]
[Round "-"]
[White "Nenita"]
[Black "ajr"]
[Result "1-0"]
[WhiteElo "1108"]
[BlackElo "1564"]

1. e4 c5 2. Bc4 e6 3. Nh3 h6 4. Nf4 Nf6 5. Nc3 Bd6 6. d3 Bxf4 7. Bxf4 d6 8. e5
dxe5 9. Bxe5 Bd7 10. O-O Nc6 11. Re1 Nxe5 12. Rxe5 Qc7 13. Qe1 Ng4 14. Re4 Qxh2+
15. Kf1 Qh1+ 16. Ke2 Qxg2 17. Nd5 Rc8 18. b3 Bc6 19. Qg1 Qxg1 20. Rxg1 f5 21.
Rxe6+ Kd8 22. Kd2 Bxd5 23. Rd6+ Kc7 24. Rxd5 Rhf8 25. Re1 Rcd8 26. Re7+ Kc8 27.
Rxc5+ Kb8 28. Rb5 b6 29. Bd5 Rxd5 30. Rxd5 g6 31. Rdd7 Nf6 32. Rb7+ Ka8 33.
Rxa7+ Kb8 34. Reb7+ Kc8 35. Rc7+ Kb8 36. a4 Rc8 37. Rcb7# 1-0

[Event "Challenge"]
[Site "http://www.queenalice.com/game.php?id=837252"]
[Date "2010.9.24"]
[Round "-"]
[White "Nenita"]
[Black "SGrillo"]
[Result "0-1"]
[WhiteElo "1123"]
[BlackElo "1662"]

1. e4 e5 2. Nf3 d6 3. Nc3 Bg4 4. Be2 Be7 5. Nd5 Bxf3 6. Bxf3 Nf6 7. Nxf6+ Bxf6
8. O-O O-O 9. d3 Bg5 10. Bh5 Bxc1 11. Rxc1 g6 12. Bg4 h5 13. Bf3 Nd7 14. Qd2 Nf6
15. Qg5 Nh7 16. Qh6 Qg5 17. Qxg5 Nxg5 18. Be2 f5 19. h4 Nh7 20. exf5 Rxf5 21. g3
Raf8 22. f3 Nf6 23. Rce1 Nd5 24. d4 exd4 0-1

[Event "Challenge"]
[Site "http://www.queenalice.com/game.php?id=837253"]
[Date "2010.9.24"]
[Round "-"]
[White "SGrillo"]
[Black "Nenita"]
[Result "1-0"]
[WhiteElo "1664"]
[BlackElo "1121"]

1. e4 Nc6 2. d4 Nf6 3. e5 Nd5 4. Bc4 Ndb4 5. a3 Na6 6. Bxa6 bxa6 7. c3 Na5 8.
Nd2 d5 9. exd6 Qxd6 10. Ngf3 Qg6 11. g3 Bb7 12. O-O Nc6 13. Re1 O-O-O 14. Ne4 e6
15. Ned2 Na5 16. Nb3 Qf6 17. Nxa5 Bxf3 18. Qb3 Qh6 19. Bxh6 gxh6 20. Re3 Bd5 21.
c4 Ba8 22. Qa4 Rxd4 23. Nc6 1-0